Normal view
MARC view
- Baker, E M
Entry Personal Name
001 - CONTROL NUMBER
- control field: 7584
003 - CONTROL NUMBER IDENTIFIER
- control field: OSt
005 - DATE AND TIME OF LATEST TRANSACTION
- control field: 20250617153456.0
008 - FIXED-LENGTH DATA ELEMENTS
- fixed length control field: 250617|| aca||aabn | a|a d
040 ## - CATALOGING SOURCE
- Original cataloging agency: OSt
- Transcribing agency: OSt
100 ## - HEADING--PERSONAL NAME
- Personal name: Baker, E M
670 ## - SOURCE DATA FOUND
- Source citation: Work cat.: (OSt)7301: Baker, E M ., Making and placing concrete / , 1985.
